| 000 | 00704cab a2200253 4500 | ||
|---|---|---|---|
| 001 | WB2902-52 | ||
| 008 | 090401t1993 xxu||||| |||| 00| 0 eng d | ||
| 035 | _a(Sirsi) u25691 | ||
| 041 | _aeng | ||
| 245 | _aSwedish building slump | ||
| 260 | _c1993 | ||
| 350 | _a0 | ||
| 490 |
_aEuropean _v14 January 1993, 43(1) |
||
| 520 | _aHopes that the property slump in Sweden would level out as interest rates fell and financial markets settled have been dashed. | ||
| 650 | _aCONSTRUCTION MARKET | ||
| 650 | _aHOUSE PRICES | ||
| 650 | _aRECESSION | ||
| 650 | _aSCANDINAVIA | ||
| 650 | _aSWEDEN | ||
| 690 | _aBUILT ENVIRONMENT | ||
| 690 | _aOVERSEAS-EUROPE | ||
| 942 | _n0 | ||
| 948 | _c04/03/1997 | ||
| 999 |
_c17262 _d17262 |
||